000 00194nam a2200109Ia 4500
100 _a#N/A
942 _cBK
245 _aAliens in the field
260 _b#N/A
546 _aENGLISH
999 _c34168
_d34168